Ismaili Poem in Praise of Fidawis (Record no. 1951)

MARC details
000 -LEADER
fixed length control field 00613nam a2200253 a 4500
020 ## - INTERNATIONAL STANDARD BOOK NUMBER
ISBN
082 00 - DEWEY DECIMAL CLASSIFICATION NUMBER
Classification number 297.822
Author Cutter IVA7
100 ## - MAIN ENTRY--AUTHOR NAME
Author name Ivanow, W
245 ## - TITLE STATEMENT
Title Ismaili Poem in Praise of Fidawis
260 ## - PUBLICATION, DISTRIBUTION, ETC. (IMPRINT)
Place of publication Bobbay
Name of publisher Nur-I-Jehan Publications
Year of publication 0000
300 ## - PHYSICAL DESCRIPTION
Number of Pages 8p
500 ## - GENERAL NOTE
General note includes index and biblioraphy
505 2# - FORMATTED CONTENTS NOTE
Formatted contents note Index
650 ## - SUBJECT ADDED ENTRY--TOPICAL TERM
Topical Term Muslims-India-politics
650 ## - SUBJECT ADDED ENTRY--TOPICAL TERM
Topical Term Ismailis-Hitory
942 ## - ADDED ENTRY ELEMENTS (KOHA)
Koha item type Books
700 1# -
-- Ivanow, W
Holdings
Collection code Home library Current library Date acquired Cost, normal purchase price Full call number Accession Number Koha item type
  Henry Martyn Institute Library Henry Martyn Institute Library 06/29/2007 100.00 297.822 IVA7 01933 Books
                   Copyright © 2026 | Henry Martyn Institute | Hyderabad | TS-500052 | INDIA | Implemented by hmi.edu.in
Hit-Count:

Powered by Koha